Tilastot visalle Suomalaisia televisio-ohjelmia 3

Klikkaa tästä pelataksesi tätä visaa!

Yleistilastot

  • Tätä visaa on pelattu 123 kertaa
    (122 viimeisimmän päivityksen jälkeen)
  • Keskiarvotulos 3 / 11

Vastaustilastot

VuosinaOhjelman juontajinaOhjelma% Oikein
2003-2013Heikki Paasonen, Ellen Jokikunnas, Jani Toivola, Niina BackmanIdols
63%
2015-Sami KuronenTemptation Island Suomi
54%
2008-2012Anne KukkohoviSuomen Huippumalli haussa
52%
2009-2014Jenni Pääskysaari, Antero Vartia, Eva KelaKadonneen jäljillä
45%
1995-2001Olli Oikarinen, Mikko Silvennoinen, Joonas Hytönen jne.Jyrki
32%
2011-2013Vappu Pimiä ja Jenni PääskysaariKorkojen kera
32%
2014-Mikko LeppilampiTähdet, tähdet
24%
2012-2014Ali Jahangiri, Tino SinghViidakon tähtöset
19%
1993-2010Jorma "Remontti-Reiska" PiisinenJoka kodin asuntomarkkinat
17%
2009Ilari JohanssonTotuuden hetki
6%
2014-Janne KatajaTuubi
4%

Tulosjakauma

Persentiili vastausten määrän mukaan

Jokaisen tuloksen saaneiden osuus

Tuloshistoriasi

Et ole pelannut tätä visaa sen viimeisimmän päivityksen jälkeen